| 000 | 00661nam a2200181Ia 4500 | ||
|---|---|---|---|
| 008 | 090123s9999 xx 000 0 und d | ||
| 082 |
_b27160 _a923.254/शनवा |
||
| 100 | _aशनावरे ना.कृ. | ||
| 245 | _aअपूर्णातून अपूर्णाकडे | ||
| 250 | _a0 | ||
| 260 | _bमॅजेस्टिक प्रकाशन | ||
| 300 | _a202 | ||
| 600 | _aशनावरे ना.कृ. | ||
| 630 | _aअपूर्णातून अपूर्णाकडे | ||
| 700 | _aशनावरे ना.कृ. | ||
| 730 | _aअपूर्णातून अपूर्णाकडे | ||
| 942 | _cBOOK | ||
| 999 |
_c65392 _d65392 |
||